000 00320cam a22001217a 4500
008 180718b1965 xxu||||| |||| 00| 0 eng d
082 _aC41 G435o
100 _aGinsberg, Morris
245 _aOn justice in society
_cby Morris Ginsberg
260 _aLondon
_bHeinemann
_c1965
300 _a248p.
650 _aCivil Liberties
999 _c366520
_d366520